| 000 | 00000nam##2200000za#4500 |
| 001 | 9.599777 |
| 003 | CaOODSP |
| 005 | 20210624205236 |
| 007 | cr ||||||||||| |
| 008 | 150406|1996||||xxc|||||o f|0| 0 fre|d |
| 040 | |aCaOODSP|bfre |
| 043 | |an-cn--- |
| 086 | 1 |aBT31-4/6-1996F-PDF |
| 110 | 1 |aCanada. |bConseil du trésor. |
| 245 | 10|aAffaires indiennes et du Nord canadien, rapport sur le rendement pour la période se terminant le 31 mars 1996 |h[ressource électronique] |
| 246 | 3 |aMinistère des Affaires indiennes et du Nord canadien, rapport de rendement 1995-1996 |
| 260 | |aOttawa - Ontario : |bSecrétariat du Conseil du Trésor du Canada |cc1996. |
| 300 | |a87p.|bgraphiques, cartes, organigramme, références, tableaux, index |
| 490 | 1 |aRapport sur le rendement pour la période se terminant le 31 mars 1996 |vPour la période se terminant le 31 mars 1996 |
| 500 | |aLe n° de catalogue (BT31-4/6-1996) et l’ISBN (0-660-60153-2) de l'édition imprimée bilingue ont été incorrectement copiés dans cette édition électronique. |
| 590 | |a11-01-Supp|b2011-01-11 |
| 775 | 08|tIndian and Northern Affairs, performance report for the period ending March 31, 1996 |w(CaOODSP)9.568499 |
| 776 | 0#|tIndian and Northern Affairs Canada|w(CaOODSP)9.528216 |
| 776 | 0#|tAffaires indiennes et du Nord Canada|w(CaOODSP)9.528217 |
| 830 | #0|aRapport sur le rendement pour la période se terminant le 31 mars 1996 ;|vPour la période se terminant le 31 mars 1996|w(CaOODSP)9.502614 |
| 856 | 40|ahttp://publications.gc.ca|qPDF|s676 Ko|uhttps://publications.gc.ca/collections/Collection/BT31-4-6-1996F.pdf|yPour la période se terminant le 31 mars 1996 |